| 000 | 02129nam0a2200349 4500 | ||
|---|---|---|---|
| 001 | RU\NLR\BIBL_A\011104561 | ||
| 005 | 201606210508 | ||
| 010 |
_a978-5-7901-0153-3 _9100 |
||
| 021 |
_aRU _b2016-24489 _91556 |
||
| 035 | _a(NLR Aleph) 011104561 | ||
| 035 | _a(NILC)RuMoRGB-008262566 | ||
| 090 |
_a11439270 _c11439270 |
||
| 100 | _a20160419d2016 u y0rusy50 ca | ||
| 101 | 0 | _arus | |
| 102 | _aRU | ||
| 105 | _ay|||j|||000yy | ||
| 200 | 1 |
_aОсобенности психических нарушений и психосоматические взаимоотношения при сердечно-сосудистых заболеваниях _eучебно-методическое пособие для врачей общей практики, терапевтов, кардиологов, неврологов, психиатров и психотерапевтов _fЛ.А. Подрезова, А.Н. Богдан, Ю.В. Сейку [и др.] _gГос. бюджет. образоват. учреждение высш. проф. образования "Рос. нац. исслед. мед. ун-т им. Н.И. Пирогова" М-ва здравоохранения Рос. Федерации, Каф. психиатрии и мед. психологии лечеб. фак. |
|
| 210 |
_aМосква _cИзд-во РАМН _d2016 |
||
| 215 |
_a22, [1] с. _d21 |
||
| 320 | _aБиблиогр.: с. 22-23 (20 назв.) | ||
| 606 | 1 |
_aПсихические расстройства при болезнях сердечно-сосудистой системы _jУчебно-методические пособия _2nlr_sh2 _3RU\NLR\AUTH\6601571704 |
|
| 675 | _a616.89 | ||
| 686 | 1 | _aР645.410я77 | |
| 701 | 1 |
_aПодрезова _bЛ. А. _gЛюдмила Акимовна |
|
| 701 | 1 |
_aБогдан _bА. Н. _gАнатолий Николаевич |
|
| 701 | 1 |
_aСейку _bЮ. В. _gЮрий Викторович _3RU\NLR\AUTH\7774686 |
|
| 801 | 0 |
_aRU _bРГБ _c20160331 _gRCR |
|
| 942 | _cBOOK | ||
| 980 | _aNBR | ||
| 980 | _aNB | ||